000 00414nam a2200181Ia 4500
005 20250423100224.0
008 250422s9999 xx 000 0 und d
020 _a0-385-29910-9
050 _aPS 3569 .T33828 M59/
100 _aSteel, Danielle
245 0 _aMixed blessings
260 _aNew York
260 _bDelacorte Press
260 _c1992
300 _a369 p
650 _aLitrature
942 _cBK
999 _c32648
_d32648